| 000 | 01108cam a2200277 4500 | ||
|---|---|---|---|
| 008 | 090401t1995 xxu||||| |||| 00| 0 eng d | ||
| 020 | _a0632039418 | ||
| 020 | _a0632050438 | ||
| 035 | _a(Sirsi) u49853 | ||
| 041 | _aeng | ||
| 050 | _a658.2 | ||
| 245 | _aFacilities management: towards best practice. | ||
| 260 |
_aOxford _bBlackwell Science _c1995 |
||
| 300 | _axv,256p. ; 25cm. | ||
| 350 | _a39.5 | ||
| 520 | _aAn overview of facilities management practice, followed by an examination of facilities management issues such as evaluation, contracting-out and computer-based information systems and concluding with chapters on managing people through change and decision making.ISBN 0632050438 refers to the paperback reissue of 1998. | ||
| 520 | _aSuperseded by 2nd edition (0632064455) 2003 | ||
| 650 | _aCOMPUTER-BASED INFORMATION SYSTEMS | ||
| 650 | _aCONTRACTING-OUT | ||
| 650 | _aDECISION MAKING | ||
| 650 |
_aFACILITIES MANAGEMENT _96240 |
||
| 690 | _aMANAGEMENT-BUSINESS MANAGEMENT-PROFESSIONAL PRACTICE | ||
| 700 |
_aBarrett, Peter _xEditor |
||
| 942 | _n0 | ||
| 948 | _c04/03/1997 | ||
| 999 |
_c92604 _d92604 |
||